=LDR 00000nam 2200000 4500 =001 000953 =005 20250712013318 =035 ##$$a 0010-0725000832 =007 ta =008 250712################a##########0#ind## =020 ##$$a 978-623-307-014-0 =082 ##$$a 398.209 598 =084 ##$$a 398.209 598 PRA p =100 #$$a Pratiwi Ambarwati =245 1#$$a Petualangan ke masa lalu /$c Pratiwi Ambarwati =250 ##$$a Cetakan ketiga =260 ##$$a Rawamangun :$b Badan Pengembangan dan Pembinaan Bahasa,$c 2020 =300 ##$$a 38 hlm. : $b Ilus. ; $c 29,7 cm. =650 #4$$a Cerita Anak - Indonesia =650 #4$$a Literasi - Bahan bacaan =856 ##$$a TBM AS SUHADA